<?xml version="1.0" encoding="UTF-8"?>
<record
    xmlns:xsi="http://www.w3.org/2001/XMLSchema-instance"
    xsi:schemaLocation="http://www.loc.gov/MARC21/slim http://www.loc.gov/standards/marcxml/schema/MARC21slim.xsd"
    xmlns="http://www.loc.gov/MARC21/slim">

  <leader>00387nam a2200157Ia 4500</leader>
  <controlfield tag="008">230718s9999    xx            000 0 und d</controlfield>
  <datafield tag="041" ind1=" " ind2=" ">
    <subfield code="a">eng</subfield>
  </datafield>
  <datafield tag="082" ind1=" " ind2=" ">
    <subfield code="a">900.54</subfield>
    <subfield code="b">KEA</subfield>
  </datafield>
  <datafield tag="100" ind1=" " ind2=" ">
    <subfield code="a">Keay J.</subfield>
    <subfield code="9">146555</subfield>
  </datafield>
  <datafield tag="245" ind1=" " ind2=" ">
    <subfield code="a">India A History</subfield>
  </datafield>
  <datafield tag="260" ind1=" " ind2=" ">
    <subfield code="c">2000</subfield>
    <subfield code="b">Harper Collings</subfield>
  </datafield>
  <datafield tag="300" ind1=" " ind2=" ">
    <subfield code="a">576</subfield>
  </datafield>
  <datafield tag="365" ind1=" " ind2=" ">
    <subfield code="c">Rs.</subfield>
    <subfield code="b">395.00</subfield>
  </datafield>
  <datafield tag="700" ind1=" " ind2=" ">
    <subfield code="a">Keay J.</subfield>
    <subfield code="9">146555</subfield>
  </datafield>
  <datafield tag="906" ind1=" " ind2=" ">
    <subfield code="d">B:173109-Nov-2001</subfield>
    <subfield code="c">INST</subfield>
    <subfield code="b">59.25</subfield>
  </datafield>
  <datafield tag="999" ind1=" " ind2=" ">
    <subfield code="c">302206</subfield>
    <subfield code="d">302206</subfield>
  </datafield>
  <datafield tag="952" ind1=" " ind2=" ">
    <subfield code="0">0</subfield>
    <subfield code="1">0</subfield>
    <subfield code="4">0</subfield>
    <subfield code="7">0</subfield>
    <subfield code="a">CCEP</subfield>
    <subfield code="b">CCEP</subfield>
    <subfield code="d">2001-10-01</subfield>
    <subfield code="e">Technical Book Services</subfield>
    <subfield code="f">INST</subfield>
    <subfield code="g">335.75</subfield>
    <subfield code="i">1731</subfield>
    <subfield code="l">0</subfield>
    <subfield code="o">900.54</subfield>
    <subfield code="p">CCEP-BK-13413</subfield>
    <subfield code="r">2023-07-18 00:00:00</subfield>
    <subfield code="t">59.25</subfield>
    <subfield code="v">395.00</subfield>
    <subfield code="w">2001-11-09</subfield>
    <subfield code="y">BK</subfield>
    <subfield code="z">013413</subfield>
  </datafield>
</record>
